Central Library OPAC University of Rajshahi

Photosynthesis / (Record no. 75142)

MARC details
000 -LEADER
fixed length control field 00705nam a2200253 a 4500
001 - CONTROL NUMBER
control field 75142
003 - CONTROL NUMBER IDENTIFIER
rucl marc code BD-RjUL
005 - DATE AND TIME OF LATEST TRANSACTION
control field 20211209082643.0
008 - FIXED-LENGTH DATA ELEMENTS--GENERAL INFORMATION
fixed length control field 170517s1940 n a b 001 0 eng
020 ## - INTERNATIONAL STANDARD BOOK NUMBER
International Standard Book Number 0471864730
035 ## - SYSTEM CONTROL NUMBER
System control number (BD-RjUL)75360
040 ## - CATALOGING SOURCE
Original cataloging agency DLC
Transcribing agency DLC
Modifying agency BD-RjUL
Language of cataloging eng
041 ## - LANGUAGE CODE
Language code of text/sound track or separate title eng
082 00 - DEWEY DECIMAL CLASSIFICATION NUMBER
Classification number 572.46
Edition number 23
Author mark and year BAP 1940
100 1# - MAIN ENTRY--PERSONAL NAME
Personal name Baly, E.C.C
9 (RLIN) 214159
245 10 - TITLE STATEMENT
Title Photosynthesis /
Statement of responsibility, etc. E.C.C. Baly
260 ## - PUBLICATION, DISTRIBUTION, ETC. (IMPRINT)
Place of publication, distribution, etc. london :
Name of publisher, distributor, etc. Methuen,
Date of publication, distribution, etc. c1940.
300 ## - PHYSICAL DESCRIPTION
Pagination xvii, 248 p. :
Illustrations ill. ;
Size 23 cm.
490 1# - SERIES STATEMENT
Series statement Cell biology ;
Volume/sequential designation v. 1
500 ## - GENERAL NOTE
General note "A Wiley-Interscience publication."
504 ## - BIBLIOGRAPHY, ETC. NOTE
Bibliography, etc Includes bibliographies and index.
650 #0 - SUBJECT ADDED ENTRY--TOPICAL TERM
Topical term or geographic name as entry element Photosynthesis.
9 (RLIN) 214160
942 ## - ADDED ENTRY ELEMENTS (KOHA)
Source of classification or shelving scheme Dewey Decimal Classification
Koha item type Books
Holdings
Lost status Source of classification or shelving scheme Damaged status Not for loan Collection code Permanent Location Current Location Shelving location Date acquired Source of acquisition Total Checkouts Full call number Date last seen Copy number Koha item type
  Dewey Decimal Classification   Not For Loan Non-fiction Central Library, University of Rajshahi Central Library, University of Rajshahi Reading Room 20/01/1958 Blak well   572.46 BAP 1940 24/01/2019 C-1 Books